00394nam a2200157Ia 450000500170000000800410001704000190005804100120007708200160008910000160010524500290012126000280015030000120017865000360019085000100022620230111105326.0131103s9999 xx 000 0 und d aLoreto College aEnglish a813.54bPOT aPotok,Chaim 4aThe promisecChaim Potok aLondonbHeinemannc1970 a359 p.  aAmerican Fiction - 20th Century aLCLIB